000 00316nam a22001457a 4500
003 SGT
005 20260525120329.0
082 _a531,SHA
100 _aSHARMA BHARGAVA
245 _aTEXT BOOK OF MECHANICS
250 _a5th
260 _bRATAN PARKASHAN PUBLISHARS
_c1985
300 _a640
942 _2ddc
_cGF BOOKS
999 _c34350
_d34350